000 006410000a22001210004500
100 1 _aBuiles, Mauricio
245 1 0 _aíA la calle! : Encuentro de arte en Medellín
300 _aVol.0, núm.17 (Febrero, 2007), Páginas 16-17
500 _aPeriodista
520 _aSe espera que dentro de seis meses la capital antioqueña se convierta en una ciudad museo. Óleos, graffitis, collages, interfaces electrónicas, muebles, computadores y hasta casas voladoras estarán expuestos para que los paisas se acerquen al arte contemporáneo. ¿Qué es lo que va a pasar en MDE07?
773 0 _tArcadia / Andrés Felipe Solano, Editor
942 _cANA
999 _c61915
_d61915